00581cam a22002051 4500001001300000003000400013005001700017008004100034010001700075035002000092040003700112042001200149050001800161100003100179245003700210260004400247300001900291500005000310999001500360af 48004401 DLC20260227110907.0890425s1944 ne 000 0 dut c aaf 48004401  a(OCoLC)19601090 aCalifornia. Univ. Libr.cCUdDLC apremarc00aPT6407.B5bZ41 aBlommaert, Aloìˆs,d1912-10aZwarte heide;bKempisch verhaal. aAntwerpen,bUitgeverij Ons Volkc[1944] a275 p.c18 cm. a"Documentatie ... uit 'Wesalia'": p. 273-275. c6024d6024